[Event "Prague op-A 19th"]
[Site "Prague"]
[Date "2020.01.15"]
[Round "7"]
[White "Vignesh, B."]
[Black "Domogaev, Sergey"]
[Result "1-0"]
[WhiteElo "2250"]
[BlackElo "2334"]
[PlyCount "119"]
[EventDate "2020.01.10"]
[EventType "swiss"]
[EventRounds "9"]
[EventCountry "CZE"]
[SourceTitle "CBM 194 Extra"]
[Source "ChessBase"]
[SourceDate "2020.03.31"]
[SourceVersion "1"]
[SourceVersionDate "2020.03.31"]
[SourceQuality "1"]

1. e4 e5 2. Nf3 Nc6 3. Bc4 Nf6 4. d3 h6 5. c3 d6 6. Bb3 g6 7. 0-0 Bg7 8. Re1 0-0 9. Nbd2 Nh5 10. Nf1 a6 11. h3 Be6 12. d4 Bxb3 13. Qxb3 exd4 14. cxd4 Nxd4 15. Nxd4 Bxd4 16. Bxh6 Qh4 17. Be3 Bxe3 18. Nxe3 Rab8 19. Rac1 c6 20. Nc4 Rfd8 21. Rcd1 d5 22. exd5 cxd5 23. Ne3 Nf6 24. Nxd5 Nxd5 25. Rxd5 Rxd5 26. Qxd5 Qf6 27. Qe5 Qxe5 28. Rxe5 Rc8 29. Re2 Kf8 30. Kh2 Rc5 31. Kg3 Rg5+ 32. Kf3 Rc5 33. Re3 Rc2 34. Re2 Rc5 35. a3 Kg7 36. Ke4 Rg5 37. g3 Rc5 38. Kd4 Rc1 39. h4 Kf6 40. Kd5 Rc7 41. a4 Rc1 42. Re4 a5 43. Rc4 Rb1 44. Rc2 Re1 45. Kc5 Re4 46. Kb5 Rb4+ 47. Kxa5 Rb3 48. Rc4 b6+ 49. Ka6 Rxb2 50. Rc6+ Kf5 51. Rxb6 Rxf2 52. Rb3 Kg4 53. a5 f5 54. Kb7 f4 55. gxf4 Rxf4 56. Rb6 Kf5 57. Rb5+ Kf6 58. h5 gxh5 59. Rxh5 Ke6 60. a6 1-0

[Event "Prague op-A 19th"]
[Site "Prague"]
[Date "2020.01.14"]
[Round "6"]
[White "Domogaev, Sergey"]
[Black "Ptacnikova, Lenka"]
[Result "1-0"]
[WhiteElo "2334"]
[BlackElo "2076"]
[PlyCount "55"]
[EventDate "2020.01.10"]
[EventType "swiss"]
[EventRounds "9"]
[EventCountry "CZE"]
[SourceTitle "CBM 194 Extra"]
[Source "ChessBase"]
[SourceDate "2020.03.31"]
[SourceVersion "1"]
[SourceVersionDate "2020.03.31"]
[SourceQuality "1"]

1. d4 Nf6 2. c4 e6 3. Nf3 Bb4+ 4. Nbd2 0-0 5. a3 Be7 6. e4 d6 7. Be2 Nfd7 8. b3 e5 9. d5 a5 10. Bb2 Na6 11. 0-0 g6 12. b4 f5 13. c5 Nf6 14. exf5 Bxf5 15. Nc4 axb4 16. cxd6 cxd6 17. Nfxe5 bxa3 18. Bxa3 Ne4 19. Ng4 Nc3 20. Bb2 Nxe2+ 21. Qxe2 Bxg4 22. Qxg4 b5 23. Na5 Bf6 24. Qe6+ Kg7 25. Nc6 Qc7 26. Nd4 Nc5 27. Rxa8 Qb6 28. Rxf8 1-0

[Event "Prague op-A 19th"]
[Site "Prague"]
[Date "2020.01.11"]
[Round "3"]
[White "Smolik, Jachym"]
[Black "Domogaev, Sergey"]
[Result "0-1"]
[WhiteElo "2025"]
[BlackElo "2334"]
[PlyCount "190"]
[EventDate "2020.01.10"]
[EventType "swiss"]
[EventRounds "9"]
[EventCountry "CZE"]
[SourceTitle "CBM 194 Extra"]
[Source "ChessBase"]
[SourceDate "2020.03.31"]
[SourceVersion "1"]
[SourceVersionDate "2020.03.31"]
[SourceQuality "1"]

1. e4 c5 2. Nc3 Nc6 3. Bb5 g6 4. Nge2 Bg7 5. Bxc6 dxc6 6. d3 Nf6 7. 0-0 0-0 8. Be3 b6 9. h3 e5 10. f4 exf4 11. Bxf4 Re8 12. Ng3 Nd7 13. Qf3 Qe7 14. Nge2 Nf8 15. Kh1 Ne6 16. Bh2 Nd4 17. Nxd4 cxd4 18. Ne2 Rf8 19. Rae1 Bb7 20. Qg3 Rad8 21. Nf4 Qd7 22. h4 Bc8 23. Rf3 Rde8 24. Qf2 Qe7 25. Nh3 Bg4 26. Rf4 Bxh3 27. gxh3 Qe6 28. Rf3 h5 29. Rf1 c5 30. b3 Qd7 31. Qg2 Re6 32. Qg5 Qe8 33. Qd5 Be5 34. Bxe5 Rxe5 35. Qb7 Qe7 36. Qxe7 Rxe7 37. Rf6 Kg7 38. Kg2 Rd8 39. Kg3 Rdd7 40. R1f2 Re5 41. R2f3 Rde7 42. Rf2 R5e6 43. Rxe6 Rxe6 44. Rf1 b5 45. Rd1 Ra6 46. Ra1 Kf6 47. Kf4 Ra3 48. e5+ Ke6 49. Ke4 a5 50. Rf1 Rxa2 51. Rf6+ Ke7 52. Rb6 b4 53. Rb5 Rxc2 54. Rxa5 Ke6 55. Ra6+ Kd7 56. Kd5 Ke7 57. Ra7+ Kf8 58. Ra8+ Kg7 59. Ra7 Re2 60. Kxc5 Rxe5+ 61. Kxb4 Re3 62. Kc4 Rxh3 63. b4 Rxh4 64. b5 Rh1 65. Ra3 Rb1 66. Rb3 Rxb3 67. Kxb3 h4 68. b6 h3 69. b7 h2 70. b8Q h1Q 71. Qe5+ Kh7 72. Qxd4 g5 73. Qf6 Qh5 74. d4 Qg6 75. Qf2 g4 76. Qg3 Qe4 77. Kc4 Kg6 78. Kc5 Qe7+ 79. Kc6 Qe8+ 80. Kc7 Qe7+ 81. Kc6 Qe6+ 82. Kc5 Qc8+ 83. Kb6 Qe6+ 84. Kc5 Qf5+ 85. d5 Qf3 86. Qxf3 gxf3 87. d6 f2 88. d7 f1Q 89. d8Q f5 90. Qg8+ Kh5 91. Kd4 Qf4+ 92. Kd3 Qe4+ 93. Kd2 Kh4 94. Qg1 Kh3 95. Qg7 Qg2+ 0-1

[Event "Prague op-A 19th"]
[Site "Prague"]
[Date "2020.01.10"]
[Round "1"]
[White "Hlavina, Matous"]
[Black "Domogaev, Sergey"]
[Result "0-1"]
[WhiteElo "1942"]
[BlackElo "2334"]
[PlyCount "58"]
[EventDate "2020.01.10"]
[EventType "swiss"]
[EventRounds "9"]
[EventCountry "CZE"]
[SourceTitle "CBM 194 Extra"]
[Source "ChessBase"]
[SourceDate "2020.03.31"]
[SourceVersion "1"]
[SourceVersionDate "2020.03.31"]
[SourceQuality "1"]

1. e4 a6 2. d4 c5 3. Nf3 cxd4 4. Nxd4 Nf6 5. Bd3 e5 6. Nb3 Be7 7. Nc3 0-0 8. Be3 d6 9. f3 Be6 10. Qd2 Nbd7 11. g4 b5 12. g5 Nh5 13. h4 Nc5 14. Be2 Na4 15. 0-0-0 Nxc3 16. Qxc3 Rc8 17. Qd2 Qc7 18. Kb1 Rfd8 19. Rc1 d5 20. Qe1 b4 21. Qf2 d4 22. Bd2 a5 23. f4 Nxf4 24. Nxd4 Qb6 25. Be3 Bc5 26. Nf5 Bxf5 27. Bxc5 Qxc5 28. Qxc5 Rxc5 29. Rcd1 Rb8 0-1

[Event "Prague Summer op-A 6th"]
[Site "Prague"]
[Date "2019.08.08"]
[Round "8"]
[White "Domogaev, Sergey"]
[Black "Koustav, Chatterjee"]
[Result "0-1"]
[WhiteElo "2336"]
[BlackElo "2429"]
[PlyCount "52"]
[EventDate "2019.08.02"]
[EventType "swiss"]
[EventRounds "9"]
[EventCountry "CZE"]
[SourceTitle "CBM 191 Extra"]
[Source "ChessBase"]
[SourceDate "2019.09.30"]
[SourceVersion "1"]
[SourceVersionDate "2019.09.30"]
[SourceQuality "1"]

1. c4 Nf6 2. Nc3 e6 3. e4 d5 4. e5 d4 5. exf6 dxc3 6. bxc3 Qxf6 7. d4 e5 8. Nf3 Nc6 9. Bg5 Qg6 10. d5 Nb8 11. h4 h6 12. h5 Qd6 13. Be3 Nd7 14. Bd3 Be7 15. Nd2 Nc5 16. Bc2 f5 17. g4 0-0 18. gxf5 Bxf5 19. Rg1 e4 20. Nf1 Nd3+ 21. Bxd3 exd3 22. Qd2 Kh8 23. 0-0-0 Bf6 24. Bd4 Bh7 25. Bxf6 Rxf6 26. Ne3 Raf8 0-1

[Event "Prague Summer op-A 6th"]
[Site "Prague"]
[Date "2019.08.07"]
[Round "7"]
[White "Paulus, Vaclav"]
[Black "Domogaev, Sergey"]
[Result "0-1"]
[WhiteElo "1963"]
[BlackElo "2336"]
[PlyCount "62"]
[EventDate "2019.08.02"]
[EventType "swiss"]
[EventRounds "9"]
[EventCountry "CZE"]
[SourceTitle "CBM 191 Extra"]
[Source "ChessBase"]
[SourceDate "2019.09.30"]
[SourceVersion "1"]
[SourceVersionDate "2019.09.30"]
[SourceQuality "1"]

1. d4 Nf6 2. c4 e6 3. Nf3 d5 4. g3 Bb4+ 5. Bd2 Be7 6. Bg2 0-0 7. Qc2 Nbd7 8. 0-0 c6 9. Nc3 b6 10. e4 Ba6 11. e5 Ne8 12. b3 b5 13. cxd5 cxd5 14. Rfe1 b4 15. Nd1 Rc8 16. Qb1 Nc7 17. Bf1 Bxf1 18. Kxf1 Nb5 19. Qd3 Qb6 20. a4 bxa3 21. Ne3 f5 22. exf6 Nxf6 23. Nf5 exf5 24. Rxe7 Ne4 25. Bf4 Rfe8 26. Rxe8+ Rxe8 27. Bc1 Rc8 28. Bxa3 Rc3 29. Qd1 Rxf3 30. Bc5 Rxf2+ 31. Ke1 Qh6 0-1

[Event "Pardubice op rapid 30th"]
[Site "Pardubice"]
[Date "2019.07.19"]
[Round "8"]
[White "Domogaev, Sergey"]
[Black "Mosesov, Danylo"]
[Result "0-1"]
[WhiteElo "2332"]
[BlackElo "2353"]
[PlyCount "92"]
[EventDate "2019.07.17"]
[EventType "swiss (rapid)"]
[EventRounds "9"]
[EventCountry "CZE"]
[SourceTitle "CBM 191 Extra"]
[Source "ChessBase"]
[SourceDate "2019.09.30"]
[SourceVersion "1"]
[SourceVersionDate "2019.09.30"]
[SourceQuality "1"]

1. d4 Nf6 2. c4 b6 3. Nc3 Bb7 4. Nf3 e6 5. Bg5 Bb4 6. Nd2 h6 7. Bh4 d6 8. f3 0-0 9. e4 Nbd7 10. Rc1 c5 11. d5 exd5 12. cxd5 Re8 13. Be2 a6 14. a3 Bxc3 15. bxc3 b5 16. 0-0 Ne5 17. Rb1 Ng6 18. Bf2 Nf4 19. Re1 Nd7 20. Bf1 Ne5 21. Qc2 Bc8 22. Be3 Nfg6 23. c4 Bd7 24. Be2 Qf6 25. Kh1 Nf4 26. Bf1 h5 27. g3 Nfg6 28. f4 Ng4 29. Bg1 h4 30. Nf3 hxg3 31. hxg3 Rab8 32. Bg2 bxc4 33. Qxc4 Rxb1 34. Rxb1 Bb5 35. Qc2 Nf8 36. a4 Qh6+ 37. Nh2 Bd7 38. Bf3 Nf6 39. Rb6 Qg6 40. Rxd6 Qxg3 41. Rxd7 N6xd7 42. Qd2 Ng6 43. Bf2 Qxf4 44. Be3 Qg3 45. Bf2 Qb8 46. Bh5 Qb1+ 0-1

[Event "Pardubice op rapid 30th"]
[Site "Pardubice"]
[Date "2019.07.19"]
[Round "7"]
[White "Mirzoev, Emil"]
[Black "Domogaev, Sergey"]
[Result "1-0"]
[WhiteElo "2493"]
[BlackElo "2332"]
[PlyCount "123"]
[EventDate "2019.07.17"]
[EventType "swiss (rapid)"]
[EventRounds "9"]
[EventCountry "CZE"]
[SourceTitle "CBM 191 Extra"]
[Source "ChessBase"]
[SourceDate "2019.09.30"]
[SourceVersion "1"]
[SourceVersionDate "2019.09.30"]
[SourceQuality "1"]

1. c4 Nf6 2. Nc3 e6 3. d4 d5 4. cxd5 exd5 5. Bg5 c6 6. e3 Be7 7. Bd3 Nbd7 8. Qc2 Nf8 9. Nge2 Ne6 10. Bh4 g6 11. 0-0 0-0 12. Rad1 Ng7 13. f3 Nfe8 14. Bxe7 Qxe7 15. e4 dxe4 16. fxe4 f5 17. d5 fxe4 18. Rxf8+ Qxf8 19. Bxe4 Nf6 20. dxc6 bxc6 21. Bf3 Bf5 22. Qd2 Kh8 23. Qd6 Bd7 24. Bxc6 Bxc6 25. Qxc6 Nf5 26. Rf1 Rc8 27. Qf3 Qc5+ 28. Kh1 Qb4 29. a3 Qh4 30. Qf4 Qxf4 31. Rxf4 Kg7 32. Ra4 Rc7 33. Kg1 h5 34. Ra6 Rd7 35. h3 h4 36. Kf2 Nh5 37. b4 Rf7 38. Kf3 Nd4+ 39. Ke3 Nf5+ 40. Kd2 Rd7+ 41. Ke1 Ne3 42. Kf2 Nc4 43. Nb5 Kh6 44. Rxa7 Rd2 45. Nbc3 Ng3 46. b5 Rb2 47. a4 Rc2 48. a5 Ne5 49. b6 Rb2 50. Rc7 Nf5 51. b7 Nd3+ 52. Kf3 Ne1+ 53. Kf4 Rb4+ 54. Ke5 Nd3+ 55. Ke6 Ng7+ 56. Ke7 Nf5+ 57. Kd8 Nd6 58. a6 Ne5 59. Nd5 Rb5 60. Nec3 Rb2 61. a7 Ndf7+ 62. Ke7 1-0

[Event "Pardubice op rapid 30th"]
[Site "Pardubice"]
[Date "2019.07.18"]
[Round "4"]
[White "Domogaev, Sergey"]
[Black "Berdnyk, Mariia"]
[Result "1-0"]
[WhiteElo "2332"]
[BlackElo "2247"]
[PlyCount "73"]
[EventDate "2019.07.17"]
[EventType "swiss (rapid)"]
[EventRounds "9"]
[EventCountry "CZE"]
[SourceTitle "CBM 191 Extra"]
[Source "ChessBase"]
[SourceDate "2019.09.30"]
[SourceVersion "1"]
[SourceVersionDate "2019.09.30"]
[SourceQuality "1"]

1. d4 Nf6 2. c4 g6 3. Nc3 Bg7 4. e4 d6 5. f3 0-0 6. Bg5 Nc6 7. Nge2 a6 8. Qd2 Rb8 9. d5 Ne5 10. Ng3 c6 11. Be2 b5 12. cxb5 axb5 13. dxc6 b4 14. Nd5 Nxc6 15. Bxf6 exf6 16. 0-0 h5 17. Rac1 Bd7 18. Rfd1 Kh7 19. Rc4 b3 20. axb3 Rxb3 21. Qc2 Na5 22. Rcd4 h4 23. Nf1 f5 24. exf5 Bxf5 25. Qd2 Nc6 26. Rc4 Rxb2 27. Qe1 Ne5 28. Qxh4+ Bh6 29. Ng3 Kg7 30. Qd4 Rxe2 31. Nxe2 f6 32. Rc7+ Nf7 33. Re7 Bg5 34. h4 Bh6 35. Qxf6+ Kg8 36. Rxf7 Qxf6 37. Rxf6 1-0

[Event "Pardubice op rapid 30th"]
[Site "Pardubice"]
[Date "2019.07.18"]
[Round "6"]
[White "Domogaev, Sergey"]
[Black "Uhmann, Jan Jr"]
[Result "1-0"]
[WhiteElo "2332"]
[BlackElo "2043"]
[PlyCount "49"]
[EventDate "2019.07.17"]
[EventType "swiss (rapid)"]
[EventRounds "9"]
[EventCountry "CZE"]
[SourceTitle "CBM 191 Extra"]
[Source "ChessBase"]
[SourceDate "2019.09.30"]
[SourceVersion "1"]
[SourceVersionDate "2019.09.30"]
[SourceQuality "1"]

1. d4 d5 2. c4 e6 3. Nc3 Nf6 4. cxd5 exd5 5. Bg5 c6 6. e3 Bf5 7. Qf3 g6 8. Bxf6 Qxf6 9. g4 Nd7 10. gxf5 gxf5 11. Bh3 Bd6 12. Qxf5 Qe7 13. Qxd7+ Qxd7 14. Bxd7+ Kxd7 15. f4 Rhg8 16. Kf2 Ke6 17. Nf3 Kf5 18. Rhg1 Be7 19. Rg3 Rg6 20. Rag1 b5 21. Rc1 a5 22. Rxg6 hxg6 23. Ne2 Rc8 24. Ne5 Rh8 25. Ng3+ 1-0

[Event "Voronezh op-A 23rd"]
[Site "Voronezh"]
[Date "2019.06.15"]
[Round "4"]
[White "Pavlov, Mark"]
[Black "Domogaev, Sergey"]
[Result "0-1"]
[WhiteElo "2031"]
[BlackElo "2365"]
[PlyCount "94"]
[EventDate "2019.06.12"]
[EventType "swiss"]
[EventRounds "9"]
[EventCountry "RUS"]
[SourceTitle "EXT 2020"]
[Source "ChessBase"]
[SourceDate "2019.10.17"]
[SourceVersion "1"]
[SourceVersionDate "2019.10.17"]
[SourceQuality "1"]

1. d4 Nf6 2. Nf3 d5 3. c4 e6 4. g3 Bb4+ 5. Bd2 Be7 6. Bg2 0-0 7. 0-0 c6 8. Qc2 Nbd7 9. b3 Ne4 10. Bc3 f5 11. Bb2 Bd6 12. Ne5 Qg5 13. e3 Qh5 14. Nd2 Ndf6 15. Nxe4 Nxe4 16. f4 Nf6 17. Bf3 Qe8 18. Rac1 Bd7 19. Qg2 Qe7 20. h3 Be8 21. g4 Rd8 22. gxf5 exf5 23. cxd5 Bxe5 24. dxe5 Nxd5 25. Bxd5+ Rxd5 26. Rfd1 Bf7 27. e4 fxe4 28. f5 g6 29. e6 Bxe6 30. Rxd5 Bxd5 31. fxg6 e3 32. Qg4 h6 33. g7 Re8 34. Rf1 e2 35. Rf8+ Rxf8 36. gxf8Q+ Kxf8 37. Qc8+ Qe8 38. Qxe8+ Kxe8 39. Kf2 Be6 40. Kxe2 Bxh3 41. a4 a5 42. Kd3 Be6 43. Kc2 c5 44. Kc3 h5 45. Bc1 h4 46. Bf4 h3 47. Bh2 Kf7 0-1

[Event "Tula Starodubtsev Memorial 5th"]
[Site "Tula"]
[Date "2019.01.19"]
[Round "6"]
[White "Domogaev, Sergey"]
[Black "Yagupov, Igor"]
[Result "0-1"]
[WhiteElo "2366"]
[BlackElo "2405"]
[PlyCount "112"]
[EventDate "2019.01.18"]
[EventType "tourn (rapid)"]
[EventRounds "9"]
[EventCountry "RUS"]
[EventCategory "12"]
[SourceTitle "CBM 188 Extra"]
[Source "ChessBase"]
[SourceDate "2019.02.28"]
[SourceVersion "1"]
[SourceVersionDate "2019.02.28"]
[SourceQuality "1"]

1. Nf3 d5 2. e3 c6 3. c4 Nf6 4. b3 Bg4 5. Bb2 e6 6. h3 Bh5 7. Be2 Nbd7 8. 0-0 Be7 9. cxd5 cxd5 10. Nd4 Bxe2 11. Qxe2 a6 12. d3 Nc5 13. Nd2 0-0 14. f4 Qb6 15. N2f3 a5 16. Rab1 a4 17. b4 Qxb4 18. Nxe6 Nxe6 19. Bxf6 Qd6 20. Ba1 Nc5 21. Nd4 Bf6 22. Rb5 b6 23. Qf3 Rfd8 24. Rd1 Rab8 25. Rbb1 Bxd4 26. Bxd4 f6 27. e4 dxe4 28. dxe4 Qc6 29. Bxc5 bxc5 30. Rbc1 c4 31. Rxd8+ Rxd8 32. Qc3 Qc5+ 33. Kh1 Rd4 34. Qb2 Rxe4 35. Qb8+ Qf8 36. Qb7 Rxf4 37. Qc7 Re4 38. Rxc4 Qe8 39. Qc8 Qxc8 40. Rxc8+ Kf7 41. Rc7+ Kg6 42. Ra7 h5 43. Kg1 Rf4 44. Ra5 h4 45. Ra7 Kh6 46. Ra6 Kg5 47. Ra7 g6 48. Ra5+ f5 49. Ra6 Rc4 50. a3 Kf4 51. Rxg6 Rc3 52. Rh6 Kg5 53. Rh8 Rxa3 54. Rg8+ Kf4 55. Rh8 Rb3 56. Rxh4+ Ke5 0-1

[Event "Tula Starodubtsev Memorial 5th"]
[Site "Tula"]
[Date "2019.01.19"]
[Round "9"]
[White "Murzin, Volodar"]
[Black "Domogaev, Sergey"]
[Result "1-0"]
[WhiteElo "2319"]
[BlackElo "2366"]
[PlyCount "61"]
[EventDate "2019.01.18"]
[EventType "tourn (rapid)"]
[EventRounds "9"]
[EventCountry "RUS"]
[EventCategory "12"]
[SourceTitle "CBM 188 Extra"]
[Source "ChessBase"]
[SourceDate "2019.02.28"]
[SourceVersion "1"]
[SourceVersionDate "2019.02.28"]
[SourceQuality "1"]

1. e4 c5 2. Nf3 Nc6 3. Bb5 g6 4. Bxc6 dxc6 5. d3 Bg7 6. 0-0 e5 7. a3 Bg4 8. Nbd2 Qc7 9. h3 Bxf3 10. Nxf3 Nf6 11. b4 Nd7 12. Be3 cxb4 13. axb4 0-0 14. Qd2 Rfe8 15. Ra5 a6 16. Nh2 Nf8 17. f4 exf4 18. Bxf4 Qb6+ 19. Be3 Bd4 20. Bxd4 Qxd4+ 21. Kh1 h5 22. g4 b6 23. Raa1 Rad8 24. Qf4 Re7 25. gxh5 Qe5 26. Qxe5 Rxe5 27. hxg6 fxg6 28. Rxa6 Rb5 29. Ra7 Nd7 30. Ng4 Rf8 31. Nh6+ 1-0

[Event "Tula Suetin Memorial"]
[Site "Tula"]
[Date "2019.01.09"]
[Round "9"]
[White "Domogaev, Sergey"]
[Black "Suleymenov, Alisher"]
[Result "0-1"]
[WhiteElo "2366"]
[BlackElo "2404"]
[PlyCount "58"]
[EventDate "2019.01.03"]
[EventType "tourn"]
[EventRounds "9"]
[EventCountry "RUS"]
[EventCategory "6"]
[SourceTitle "CBM 188 Extra"]
[Source "ChessBase"]
[SourceDate "2019.02.28"]
[SourceVersion "1"]
[SourceVersionDate "2019.02.28"]
[SourceQuality "1"]

1. d4 Nf6 2. Nf3 g6 3. g3 Bg7 4. Bg2 0-0 5. 0-0 d6 6. b3 e5 7. dxe5 dxe5 8. Ba3 Qxd1 9. Rxd1 Re8 10. Nc3 e4 11. Ng5 Bf5 12. Nb5 Na6 13. Bb2 h6 14. Nh3 e3 15. fxe3 Bxh3 16. Bxh3 Rxe3 17. Bg2 c6 18. Nd6 Rxe2 19. Nxb7 Nb4 20. Nd8 Rc8 21. Rac1 Nxa2 22. Ra1 Nb4 23. Rxa7 Nxc2 24. Bh3 Ne3 25. Bxc8 Nxd1 26. Bd4 Ne4 27. Nxc6 Rc2 28. Ne7+ Kh7 29. Bxg7 Ne3 0-1

[Event "Tula Suetin Memorial"]
[Site "Tula"]
[Date "2019.01.08"]
[Round "8"]
[White "Khruschiov, Alexey"]
[Black "Domogaev, Sergey"]
[Result "1-0"]
[WhiteElo "2370"]
[BlackElo "2366"]
[PlyCount "63"]
[EventDate "2019.01.03"]
[EventType "tourn"]
[EventRounds "9"]
[EventCountry "RUS"]
[EventCategory "6"]
[SourceTitle "CBM 188 Extra"]
[Source "ChessBase"]
[SourceDate "2019.02.28"]
[SourceVersion "1"]
[SourceVersionDate "2019.02.28"]
[SourceQuality "1"]

1. d4 Nf6 2. c4 e6 3. Nc3 d5 4. cxd5 exd5 5. Bg5 c6 6. e3 Be7 7. Bd3 Nbd7 8. Qc2 Nf8 9. Nge2 Ne6 10. Bh4 g6 11. 0-0 0-0 12. Rad1 Nh5 13. Bxe7 Qxe7 14. f3 Qg5 15. Qd2 f5 16. b4 a6 17. Na4 Bd7 18. Nb6 Rad8 19. Nc1 Be8 20. Nb3 f4 21. e4 dxe4 22. fxe4 Bf7 23. Bc4 Qg4 24. Be2 Qh4 25. Bxh5 Qxh5 26. d5 Nc7 27. Qxf4 Nb5 28. Qg3 Qe2 29. Nc5 Nd6 30. Nbd7 Rxd7 31. Nxd7 Nxe4 32. Qf4 1-0

[Event "Tula Suetin Memorial"]
[Site "Tula"]
[Date "2019.01.06"]
[Round "5"]
[White "Domogaev, Sergey"]
[Black "Novikov, Maxim"]
[Result "1/2-1/2"]
[WhiteElo "2366"]
[BlackElo "2477"]
[PlyCount "42"]
[EventDate "2019.01.03"]
[EventType "tourn"]
[EventRounds "9"]
[EventCountry "RUS"]
[EventCategory "6"]
[SourceTitle "CBM 188 Extra"]
[Source "ChessBase"]
[SourceDate "2019.02.28"]
[SourceVersion "1"]
[SourceVersionDate "2019.02.28"]
[SourceQuality "1"]

1. d4 Nf6 2. c4 c5 3. d5 b5 4. cxb5 a6 5. Nc3 axb5 6. e4 b4 7. Nb5 d6 8. Bf4 g5 9. Bxg5 Nxe4 10. Bf4 Qa5 11. Bc4 Bg7 12. Qe2 b3+ 13. Kf1 f5 14. f3 0-0 15. fxe4 fxe4 16. g3 Qxa2 17. Rxa2 bxa2 18. Bxa2 Rxa2 19. Nc7 Ra7 20. Nb5 Ra2 21. Nc7 Ra7 1/2-1/2

[Event "Tula Suetin Memorial"]
[Site "Tula"]
[Date "2019.01.05"]
[Round "4"]
[White "Sadovsky, Artem"]
[Black "Domogaev, Sergey"]
[Result "1/2-1/2"]
[WhiteElo "2384"]
[BlackElo "2366"]
[PlyCount "30"]
[EventDate "2019.01.03"]
[EventType "tourn"]
[EventRounds "9"]
[EventCountry "RUS"]
[EventCategory "6"]
[SourceTitle "CBM 188 Extra"]
[Source "ChessBase"]
[SourceDate "2019.02.28"]
[SourceVersion "1"]
[SourceVersionDate "2019.02.28"]
[SourceQuality "1"]

1. d4 d5 2. Bf4 Nf6 3. e3 e6 4. Nf3 Bd6 5. Bxd6 Qxd6 6. c3 0-0 7. Bd3 Nbd7 8. Nbd2 c5 9. 0-0 e5 10. dxe5 Nxe5 11. Nxe5 Qxe5 12. Nf3 Qh5 13. Be2 Re8 14. Qa4 Qg6 15. Rfd1 Bd7 1/2-1/2

[Event "Tula GM"]
[Site "Tula"]
[Date "2018.11.10"]
[Round "9"]
[White "Sadovsky, Artem"]
[Black "Domogaev, Sergey"]
[Result "1/2-1/2"]
[WhiteElo "2408"]
[BlackElo "2380"]
[PlyCount "29"]
[EventDate "2018.11.05"]
[EventType "tourn"]
[EventRounds "9"]
[EventCountry "RUS"]
[EventCategory "6"]
[SourceTitle "CBM 187 Extra"]
[Source "ChessBase"]
[SourceDate "2018.11.04"]
[SourceVersion "1"]
[SourceVersionDate "2018.11.04"]
[SourceQuality "1"]

1. d4 d5 2. c4 dxc4 3. Nf3 Nf6 4. e3 e6 5. Bxc4 c5 6. 0-0 a6 7. a4 Nc6 8. Qe2 cxd4 9. Rd1 Be7 10. Nxd4 Nxd4 11. Rxd4 Qc7 12. Nc3 0-0 13. b3 Bd6 14. g3 Be5 15. Rd3 1/2-1/2

[Event "Tula GM"]
[Site "Tula"]
[Date "2018.11.08"]
[Round "6"]
[White "Domogaev, Sergey"]
[Black "Tishin, Petr"]
[Result "1/2-1/2"]
[WhiteElo "2380"]
[BlackElo "2426"]
[PlyCount "27"]
[EventDate "2018.11.05"]
[EventType "tourn"]
[EventRounds "9"]
[EventCountry "RUS"]
[EventCategory "6"]
[SourceTitle "CBM 187 Extra"]
[Source "ChessBase"]
[SourceDate "2018.11.04"]
[SourceVersion "1"]
[SourceVersionDate "2018.11.04"]
[SourceQuality "1"]

1. e4 c6 2. d4 d5 3. exd5 cxd5 4. c4 Nf6 5. Nc3 e6 6. Nf3 Bb4 7. cxd5 Nxd5 8. Bd2 Nc6 9. Bd3 0-0 10. 0-0 Nxc3 11. Bxc3 Bxc3 12. bxc3 b6 13. Qc2 h6 14. Qe2 1/2-1/2

[Event "Tula GM"]
[Site "Tula"]
[Date "2018.11.06"]
[Round "3"]
[White "Brikov, Illarion"]
[Black "Domogaev, Sergey"]
[Result "1/2-1/2"]
[WhiteElo "2371"]
[BlackElo "2380"]
[PlyCount "43"]
[EventDate "2018.11.05"]
[EventType "tourn"]
[EventRounds "9"]
[EventCountry "RUS"]
[EventCategory "6"]
[SourceTitle "CBM 187 Extra"]
[Source "ChessBase"]
[SourceDate "2018.11.04"]
[SourceVersion "1"]
[SourceVersionDate "2018.11.04"]
[SourceQuality "1"]

1. e4 e6 2. d4 d5 3. exd5 exd5 4. Bd3 Bd6 5. Nf3 Nf6 6. 0-0 0-0 7. Bg5 Bg4 8. Nbd2 Nbd7 9. c3 c6 10. Qc2 Qc7 11. Rae1 Rfe8 12. h3 Bh5 13. Bh4 Bxf3 14. Nxf3 h6 15. Bxf6 Nxf6 16. Rxe8+ Rxe8 17. Re1 Rxe1+ 18. Nxe1 Qe7 19. Qe2 Qxe2 20. Bxe2 Ne4 21. Bg4 Bc7 22. Nd3 1/2-1/2

[Event "Tula GM"]
[Site "Tula"]
[Date "2018.11.05"]
[Round "1"]
[White "Moiseenko, Vladimir"]
[Black "Domogaev, Sergey"]
[Result "1/2-1/2"]
[WhiteElo "2274"]
[BlackElo "2380"]
[PlyCount "24"]
[EventDate "2018.11.05"]
[EventType "tourn"]
[EventRounds "9"]
[EventCountry "RUS"]
[EventCategory "6"]
[SourceTitle "CBM 187 Extra"]
[Source "ChessBase"]
[SourceDate "2018.11.04"]
[SourceVersion "1"]
[SourceVersionDate "2018.11.04"]
[SourceQuality "1"]

1. e4 c5 2. Nf3 g6 3. d4 cxd4 4. Nxd4 Bg7 5. Nc3 Nc6 6. Be3 Nf6 7. Be2 0-0 8. 0-0 d5 9. exd5 Nb4 10. Bf3 Nfxd5 11. Nxd5 Nxd5 12. Bxd5 Qxd5 1/2-1/2

[Event "Pardubice Czech op-A 29th"]
[Site "Pardubice"]
[Date "2018.07.24"]
[Round "5"]
[White "Domogaev, Sergey"]
[Black "Stein, Robert"]
[Result "1-0"]
[WhiteElo "2414"]
[BlackElo "2253"]
[PlyCount "71"]
[EventDate "2018.07.20"]
[EventType "swiss"]
[EventRounds "9"]
[EventCountry "CZE"]
[SourceTitle "CBM 185 Extra"]
[Source "ChessBase"]
[SourceDate "2018.07.29"]
[SourceVersion "1"]
[SourceVersionDate "2018.07.29"]
[SourceQuality "1"]

1. d4 Nf6 2. c4 e6 3. Nc3 Bb4 4. e3 0-0 5. Bd3 d5 6. a3 Bxc3+ 7. bxc3 b6 8. cxd5 exd5 9. Ne2 Ba6 10. 0-0 Bxd3 11. Qxd3 Nbd7 12. f3 c5 13. Ng3 Re8 14. Ra2 h5 15. Re2 Re6 16. Rd1 Rc8 17. e4 cxd4 18. cxd4 h4 19. Nf5 g6 20. Nh6+ Kg7 21. Bg5 Qc7 22. e5 Nh7 23. Be3 Qc3 24. Qb1 Qc4 25. Kf2 f5 26. g4 hxg3+ 27. hxg3 Rf8 28. Rc2 Qa4 29. Rc7 a5 30. Rdc1 Rd8 31. Qd3 Re7 32. R1c6 Kh8 33. Rxg6 Nxe5 34. dxe5 Rxc7 35. Bd4 Nf8 36. Rg8+ 1-0